Word Ladder: Elements Quiz Stats

Quiz Updated Aug 21, 2015

Also try: Apollo 11
Challenge
Share
Tweet
Embed
Score 0/27 Timer 03:00
1 Play Today
Clue Word % Correct
12:00 p.m.NOON
97.8%
Element #10; used to make signs glow*NEON*
97.5%
A Kellogg's cereal: Raisin ____BRAN
96.6%
Lima, kidney, or jumpingBEAN
96.6%
Celestial body that is 'made of cheese'MOON
94.9%
The average of a set of dataMEAN
94.8%
Country whose capital is TehranIRAN
94.3%
'Use Somebody' band: Kings of ____LEON
94.1%
Element #26; metal that was once used to make nails*IRON*
93.8%
Low sound induced by physical or mental sufferingMOAN
93.1%
Element #79; metal that caused a rush to California in 1848*GOLD*
92.7%
Like a Popsicle or the ArcticCOLD
89.5%
1982 sci-fi film starring Jeff BridgesTRON
83.3%
Part of a fishGILL
81.2%
Clue Word % Correct
A moderate gait of an animal, such as a horseTROT
81%
Air in motionWIND
80.7%
Indianapolis football playerCOLT
80.4%
Decorate expensivelyGILD
77.2%
Jack Sprat's wife could eat none of this in a nursery rhymeLEAN
74.6%
From the jungleWILD
74.1%
When doubled, the sound a train makesTOOT
73.3%
Self-controlWILL
72.3%
A medium-sized water bird with mostly black plumage; foolish old manCOOT
69.5%
Element #82; a homograph of this element is a verb meaning to be in front*LEAD*
67.9%
A surface that produces lift for flightWING
54.9%
Element #30; is a component of brass*ZINC*
48.2%
An interjection said after a witty insultZING
45.2%

Today's Daily Dose

You're not logged in!

Compare scores with friends on all Sporcle quizzes.
Sign Up with Email
OR
Log In

You Might Also Like...

Show Comments

Extras

Top Quizzes Today


Score Distribution

Your Account Isn't Verified!

In order to create a playlist on Sporcle, you need to verify the email address you used during registration. Go to your Sporcle Settings to finish the process.